00415nam a2200145Ia 4500008004100000020001500041041001200056082002100068100006400089245004800153250001200201260003300213300001300246650001000259231217s9999 xx 000 0 und d a8178811561 aEnglish a332.66 SEE;1 R aSeethapathi, K ed. Suryanarayana, A ed. Subbulakshmi, V ed. 0aManaging investment banks : an introduction a1st ed. c2003bICFAI PressaHyderabad avii, 209 aICFAI